Текст томруулах:    
In Time (Бичлэгийн дугаар. 145148)
000 -УДИРДЛАГА
Удирдлага 00592nam a22002417a 4500
003 - ХЯНАЛТЫН ТОО ТОДОРХОЙЛОГЧ
Код MN-UlNUM
005 - БИЧИЛТ ХИЙСЭН ОГНОО
Тухайн бичилтийг бичсэн засварласан сүүлийн огноо 20251030144725.0
008 - ЕРӨНХИЙ МЭДЭЭЛЭЛ
Ерөнхий мэдээлэл 251030s2005 ohu 001 | eng d
020 ## - ISBN
ISBN 007823400X
-- 0078234002
040 ## - БИЧЛЭГ ҮҮСГЭГЧ БАЙГУУЛЛАГА
Бичлэг үүсгэгч номын сангийн код МУИС-ийн номын сан
084 ## - ББК АНГИЛАЛ
Нэмэлт тусгалт Сурах бичиг
ББК ангилал 72
Зохиогчийн гурван тэмдэгт I-57
Мэдлэгийн ялгаа 72 - Шинжлэх ухаан
245 ## - ҮНДСЭН ГАРЧИГ
Номын нэр In Time
Бага гарчгийн мэдээ Big Rides, Big Business
260 ## - ГАРАЛТЫН МЭДЭЭ
Хэвлэгдсэн газар Columbus, Ohio
Хэвлэлийн газар McGraw-Hill/Glencoe
Хэвлэгдсэн он 2003
300 ## - МАТЕРИАЛЫН ТОДОРХОЙЛОЛТ
хуудасны тоо 48
500 ## - Тайлбар
Дансны дугаар БС 3300-3316
546 ## - ХЭЛНИЙ ТУХАЙ МЭДЭЭ
Хэл Англи хэл дээр,
653 ## - Түлхүүр үг
Түлхүүр үг american scene
653 ## - Түлхүүр үг
Түлхүүр үг notebook
653 ## - Түлхүүр үг
Түлхүүр үг nation
653 ## - Түлхүүр үг
Түлхүүр үг business
942 ## - ЭЛЕМЕНТИЙН ТӨРӨЛ
Зүйлийн төрөл Ном